Fall of General Niazi and birth of Bangladesh / (Record no. 21775)

MARC details
000 -LEADER
fixed length control field 00865nam a2200277 i 4500
001 - CONTROL NUMBER
control field 1806230
003 - CONTROL NUMBER IDENTIFIER
control field BDDh-ASL
005 - DATE AND TIME OF LATEST TRANSACTION
control field 20231015030035.0
008 - FIXED-LENGTH DATA ELEMENTS--GENERAL INFORMATION
fixed length control field 790725s1977 bg af 000 0 eng
010 ## - LIBRARY OF CONGRESS CONTROL NUMBER
LC control number 78901339
040 ## - CATALOGING SOURCE
Original cataloging agency DLC
Transcribing agency DLC
Modifying agency DLC
-- BDDh-ASL
043 ## - GEOGRAPHIC AREA CODE
Geographic area code a-pk---
050 00 - LIBRARY OF CONGRESS CALL NUMBER
Classification number DS395.5
Item number .K46
082 00 - DEWEY DECIMAL CLASSIFICATION NUMBER
Classification number 954.9205
Item number KHF
100 1# - MAIN ENTRY--PERSONAL NAME
Personal name Khandaker, A. M.,
Dates associated with a name 1933-
245 10 - TITLE STATEMENT
Title Fall of General Niazi and birth of Bangladesh /
Statement of responsibility, etc. A. M. Khandaker.
260 ## - PUBLICATION, DISTRIBUTION, ETC.
Place of publication, distribution, etc. Dacca :
Name of publisher, distributor, etc. Rangpur Publications,
Date of publication, distribution, etc. 1977.
300 ## - PHYSICAL DESCRIPTION
Extent 86 p., [8] leaves of plates :
Other physical details ill. ;
Dimensions 22 cm.
500 ## - GENERAL NOTE
General note Tk25.00
600 10 - SUBJECT ADDED ENTRY--PERSONAL NAME
Personal name Niazi, Amir Abdullah Khan.
610 10 - SUBJECT ADDED ENTRY--CORPORATE NAME
Corporate name or jurisdiction name as entry element Pakistan.
Subordinate unit Army
General subdivision Biography.
650 #0 - SUBJECT ADDED ENTRY--TOPICAL TERM
Topical term or geographic name entry element Generals
Geographic subdivision Pakistan
General subdivision Biography.
651 #0 - SUBJECT ADDED ENTRY--GEOGRAPHIC NAME
Geographic name Bangladesh
General subdivision History
Chronological subdivision Revolution, 1971.
906 ## - LOCAL DATA ELEMENT F, LDF (RLIN)
a 7
b cbc
c orignew
d 4
e ncip
f 19
g y-gencatlg
942 ## - ADDED ENTRY ELEMENTS (KOHA)
Source of classification or shelving scheme Dewey Decimal Classification
Koha item type Books
Holdings
Withdrawn status Lost status Source of classification or shelving scheme Damaged status Not for loan Collection code Home library Current library Shelving location Date acquired Source of acquisition Total Checkouts Full call number Barcode Date last seen Copy number Price effective from Koha item type
    Dewey Decimal Classification     Non-fiction Asiatic Society Library Asiatic Society Library General Stacks 02/15/2021 ASB Library Collections   954.9205 KHF 105721 02/15/2021 C-1 02/15/2021 Books

Powered by Koha